| 000 | 00579nam a22001817a 4500 | ||
|---|---|---|---|
| 005 | 20251108165306.0 | ||
| 008 | 250721s1992 xx 000 0 ara d | ||
| 082 | 1 | 4 | _a956.504/نسي |
| 100 | 1 | _aنسيبه، حازم | |
| 245 | 1 | 0 | _aتاريخ الأردن السياسي المعاصر ما بين عامي 1952- 1967 / |
| 264 | 1 |
_aعمان : _bلجنة تاريخ الأردن، _c1992. |
|
| 300 | _a256ص | ||
| 490 | 0 | _aكتب المطالعه ؛2 | |
| 650 | 1 | 7 | _aتاريخ الأردن |
| 650 | 1 | 7 | _aالتاريخ السياسي |
| 942 |
_2ddc _cBK |
||
| 999 |
_c24323 _d24323 |
||